000 00762nam a2200229 u 4500
005 20241129063739.0
008 141128s2002 es r 000 0 spa d
020 _a8478643176
035 _aUPN01000200916
049 _aI
050 4 _aPZ26.3
_bL4.3
100 1 _aLe Masne, Christophe,
_d1958-
_932897
245 1 3 _aLa hermanita de Tom /
_cChristophe Le Masne ; il. Marie-Aline Bawin ; tr. Charo Latorre.
260 _aBarcelona, Esp. :
_bCombel,
_c2002.
300 _a[24] p. :
_bil. col.
534 _pTítulo original:
_tLa petite soeur de Tom
650 0 _aCuentos infantiles franceses
_98588
650 4 _aConejos
_vCuentos y leyendas
_922085
650 4 _aHermanos y hermanas
_vLiteratura infantil
_98964
905 _aInfantil
999 _c173017
_d173017